000 01035nam a2200229Ia 4500
003 Ost
005 20260507075021.0
008 260507s9999||||xx |||||||||||||| ||und||
040 _cfsecg
041 _aara
082 _a330
100 _aالراوي، خالد وهيب
_eمؤلف
245 0 _aإدارة المخاطر المالية /
_c خالد وهيب الراوي
250 _aطبعة 2
260 _aعمان:
_bدار المسيرة للنشر والتوزيع,
_c2011
300 _a496 صفحة؛
_bإيضاحات ؛
_c25 سم
520 _aطبيعة إدارة المخاطر- أنواع الأسواق المالية والمستثمرين- أنواع الاستثمار- نظرية المحفظة الإستثمارية- نظرية السوق الكفؤة- المستقبليات المالية- مراقبة الأداء- طريقة إدارة الإستثمار
653 _aالإدارة المالية
653 _aالاستثمار
653 _aالمخاطر المالية
942 _cكتاب
999 _c42281
_d42281